| 000 | 01027nam a2200313Ia 4500 | ||
|---|---|---|---|
| 001 | dia_2154 | ||
| 003 | CHAP | ||
| 005 | 20230313110805.0 | ||
| 008 | 220117s1971 xx 000 0 und d | ||
| 010 | _a172696 | ||
| 040 | _cCHAP | ||
| 082 | _a637.1333 S63 1971 | ||
| 110 |
_aThe Society of Dairy Technology _9152339 |
||
| 245 |
_aManual de plantas de pasteurización / _c The Society of Dairy Technology ; traducción José María Tarragona Vilas |
||
| 260 |
_aEspaña : _b Acribia, _c1971 |
||
| 300 | _a126 p. | ||
| 500 | _aTítulo original: Pasteurising plant manual | ||
| 503 | _aD. (ej. 2 y 3) | ||
| 504 | _aIncluye bibliografía | ||
| 590 | _aSF259 S63 1971 | ||
| 650 |
_aLeche _xPasteurización _9148127 |
||
| 650 |
_aLeche _xPlantas _9152340 |
||
| 700 |
_aTarragona Vilas, José Maria, tr. _9152341 |
||
| 710 |
_aThe Society of Dairy Technology _9152339 |
||
| 901 | _a637.1333 S63 1971 | ||
| 902 | _aM | ||
| 905 | _a5232271971 sp md 8222223322spa16 | ||
| 942 |
_cLIBRO _2ddc |
||
| 999 |
_c172696 _d172696 |
||